Southville International School and Colleges
Your cart is empty.
  • Cart
  • Lists
    Public lists Eva Luna New books Lux_list list_1
    Your lists Log in to create your own lists
  • Log in to your account
  • Your cookies
  • Search history
Southville International School and Colleges
  • Advanced search
  • Recent comments
  • Most popular
  • Libraries

Log in to your account

Log in with GOOGLE


If you do not have an external account, but do have a local account, you can still log in:

  1. Home
  2. MARC view: Woody woodpecker takes a trip /
Normal view MARC view ISBD view

Woody woodpecker takes a trip / (Record no. 111817)

[ view plain ]
MARC details
000 -LEADER
fixed length control field 00470nam a2200157 a 4500
001 - CONTROL NUMBER
control field 1287
005 - DATE AND TIME OF LATEST TRANSACTION
control field 20140414131922.0
008 - FIXED-LENGTH DATA ELEMENTS--GENERAL INFORMATION
fixed length control field 041220s19uu xx 00 eng d
050 ## - LIBRARY OF CONGRESS CALL NUMBER
Classification number ER
Item number W85 1961
100 ## - MAIN ENTRY--PERSONAL NAME
Personal name McGovern, Ann
245 ## - TITLE STATEMENT
Title Woody woodpecker takes a trip /
Statement of responsibility, etc story by Ann McGovern ; pictures by Al White and Ben De Nunez.
260 ## - PUBLICATION, DISTRIBUTION, ETC. (IMPRINT)
Place of publication, distribution, etc Wisconsin :
Name of publisher, distributor, etc Golden Press,
Date of publication, distribution, etc 1961.
300 ## - PHYSICAL DESCRIPTION
Extent 1 v. p. : ill. ; cm.
650 ## - SUBJECT ADDED ENTRY--TOPICAL TERM
Topical term or geographic name as entry element Children stories.
Holdings
Withdrawn status Lost status Damaged status Use restrictions Home library Current library Shelving location Date acquired Source of acquisition Total Checkouts Full call number Barcode Date last seen Price effective from Koha item type
        Munich Library Munich Library Easy Reading Section 12/20/2004     ER W85 1961 M2719 04/14/2014 04/14/2014 Books

Woody woodpecker takes a trip /

APA

McGovern A., . (1961). Woody woodpecker takes a trip. Wisconsin: Golden Press.

Chicago

McGovern Ann, . 1961. Woody woodpecker takes a trip. Wisconsin: Golden Press.

Harvard

McGovern A., . (1961). Woody woodpecker takes a trip. Wisconsin: Golden Press.

MLA

McGovern Ann, . Woody woodpecker takes a trip. Wisconsin: Golden Press. 1961.

  • Place hold
  • Print
  • Cite
  • Add to your cart (remove)
  • Save record
    BIBTEX Dublin Core MARCXML MARC (non-Unicode/MARC-8) MARC (Unicode/UTF-8) MARC (Unicode/UTF-8, Standard) MODS (XML) RIS
  • More searches
    Search for this title in:
    Other Libraries (WorldCat) Other Databases (Google Scholar) Online Stores (Bookfinder.com) Open Library (openlibrary.org)

Exporting to Dublin Core...

SOUTHVILLE LIBRARY

Southville International School and Colleges Library

1281 Tropical Ave. Cor. Luxembourg St., BF Homes International, Las Pinas City

Tel. No. 8256374 / 252358 Loc. 117/146

Powered by Koha